00797nam a2200229 i 4500001000700000003000900007005001700016007000300033008004100036080001400077100003700091245006000128250001200188260003200200300003000232490005000262650003800312830005800350852002100408999001900429952011900448115536ES-MaACL20230906190458.0t|070315q1922 sp ||||1| spa d a621.316.81 aCaro y Anchía, Ricardo.93541210aReostatos industriales / cpor Ricardo Caro y Anchía. a2ª ed. aMadrid : bCalpe, c[1922?] a176 p. : bil. ; c17 cm.1 aBiblioteca del electricista práctico ; v1014aResistencias eléctricas.9168630 aBiblioteca del electricista práctico ; v109186267 aES-MaACLjB-3743 c115536d115536 00104070aATENEOMbATENEOMcSPBd2008-01-17eSCl0oB-3743p1120468r2023-02-23 00:00:00w2023-02-23yMONOGRAFIA